| 000 | 00854nam a2200253 a 4500 | ||
|---|---|---|---|
| 001 | BRCA_4995 | ||
| 005 | 20190320204908.0 | ||
| 008 | 281010r1949----enka######---#000-0#eng-# | ||
| 041 | _aeng | ||
| 044 | _aenk | ||
| 050 | 4 |
_aND456 _b.A78 1949 |
|
| 245 | 1 | 0 | _aArt Treasures from Vienna. |
| 260 |
_aGran Bretaña _bThe Art Council of Great Britain _c1949 |
||
| 300 |
_a72 p. _bil. _c28 cm. |
||
| 500 | _aSuplemento ilustrado del catálogo de la exposición realizada en la Galería Tate durante el verano de 1949 de ´The Art Treasures of Vienna´ | ||
| 500 | _aIncluye índice de artistas | ||
| 500 | _aEstado físico: Encuadernación deteriorada | ||
| 500 | _aD102 | ||
| 650 | 1 | 4 |
_aPintores europeos _93990 |
| 650 | 1 | 4 |
_aGalerías de arte _zInglaterra _912727 |
| 650 | 1 | 4 |
_aPintura _vExposiciones _xHistoria _912728 |
| 902 | _aGFM | ||
| 942 |
_2lcc _cB |
||
| 999 |
_c4689 _d4689 |
||